Educación y expresión estética /
Guardado en:
| Autor Principal: | |
|---|---|
| Otros Autores: | , , , , , , , , |
| Formato: | Libro |
| Publicado: |
Buenos Aires :
Plus Ultra,
1978
|
| Series: | Biblioteca Pedagógica, 1
|
| Materias: | |
| Etiquetas: |
Agregar Etiqueta
Sin Etiquetas, Sea el primero en etiquetar este registro!
|
| LEADER | 01576nam a22003375a 4500 | ||
|---|---|---|---|
| 001 | CEM.cems000040 | ||
| 005 | 20060209000000.0 | ||
| 008 | 130507s1978##################000#0#####d | ||
| 003 | CEMS | ||
| 082 | 0 | 4 | |a 371 |
| 100 | 1 | |a Herbon, Alicia | |
| 245 | 1 | 0 | |a Educación y expresión estética / |c Alicia Herbon |
| 260 | |a Buenos Aires : |b Plus Ultra, |c 1978 | ||
| 300 | |a 153 p. | ||
| 490 | 0 | |a Biblioteca Pedagógica, 1 | |
| 505 | 0 | |a La experiencia creadora / María Adela Martín de Marelli -- Creatividad en el proceso de enseñanza-aprendizaje / Violeta Hemsy de Gainza -- La educación musical de base en la escuela común / Ana Lucía Frega -- El movimiento como liberador de potencialidades / Patricia Stokoe -- El juego dramático en la escuela / Oscar Fessler -- El títere, algo más que un muñeco en la vida escolar / Mane Bernardo -- Lengua y literatura, expresión y comunicación / Felisa Sonnoli -- Una educación con líneas, formas y colores / Susana Malatrasi -- Una experiencia concreta / María Emma R. de Calviño | |
| 653 | |a Capacidad creadora | ||
| 653 | |a Creatividad educación | ||
| 653 | |a Educación | ||
| 653 | |a Educación musical | ||
| 653 | |a Expresión estética | ||
| 700 | 1 | |a Bernardo, Mane | |
| 700 | 1 | |a Stokoe, Patricia | |
| 700 | 1 | |a Martín de Marelli, María Adela | |
| 700 | 1 | |a Hemsy de Gainza, Violeta | |
| 700 | 1 | |a Frega, Ana Lucía | |
| 700 | 1 | |a Fessler, Oscar | |
| 700 | 1 | |a Sonnoli, Felisa | |
| 700 | 1 | |a Malatrasi, Susana | |
| 700 | 1 | |a Calviño, María Emma R. de | |
| 859 | |a CEMS |b BIB. CEMS - 11 de abril |h 371 |i Ed83 |p 8989.81 |t Ej.1 | ||
